CSAT Civil Service Aptitude Test: (Record no. 199757)

MARC details
000 -LEADER
fixed length control field 00682nam a22002057a 4500
005 - DATE AND TIME OF LATEST TRANSACTION
control field 20240129122422.0
010 ## - LCCN (DPL NO)
LC control number ENG-139055
020 ## - INTERNATIONAL STANDARD BOOK NUMBER
International Standard Book Number 9789391032289
Terms of availability 495.00
035 ## - SYSTEM CONTROL NUMBER
System control number EN-122589
037 ## - SOURCE OF ACQUISITION
Source of stock number/acquisition DBAD/PUB
082 ## - DEWEY DECIMAL CLASSIFICATION NUMBER
Classification number 000
100 ## - MAIN ENTRY--PERSONAL NAME
Personal name Sudhanshu Kumar
245 ## - TITLE STATEMENT
Title CSAT Civil Service Aptitude Test:
Statement of responsibility, etc Written By Sudhanshu Kumar and Foreword By Abinash Mishra
Remainder of title Practice Papers/
250 ## - EDITION STATEMENT
Edition statement Second
260 ## - PUBLICATION, DISTRIBUTION, ETC. (IMPRINT)
Place of publication, distribution, etc Haryana
Name of publisher, distributor, etc OakBridge Publishing Pvt. Ltd.
Date of publication, distribution, etc 2022
270 ## - ADDRESS
Address M35, Ist floor, Old DLF, Gurugram
City haryana
Postal code 122001
300 ## - PHYSICAL DESCRIPTION
Extent xiv,+409p.
Dimensions 28cm(pbk)
700 ## - ADDED ENTRY--PERSONAL NAME
9 (RLIN) 60108
Personal name Mishra, Abinash
Relator term Foreword
942 ## - ADDED ENTRY ELEMENTS (KOHA)
Source of classification or shelving scheme Dewey Decimal Classification
Item type English Books
Classification part 000
Call number suffix SUD
Holdings
Withdrawn status Lost status Not for loan Collection code Home library Current library Date acquired Source of acquisition Cost, normal purchase price Full call number Barcode Copy number Cost, replacement price Koha item type
      Non-fiction Sarojini Nagar Sarojini Nagar 29/01/2024 DBAD/PUB 495.00 000 SUD EN-122587 1 495.00 English Books

© Delhi Public Library
Hit Counter
free hit counter